Religions Recognized in China - Statistics

General Stats
  • This quiz has been taken 206 times
    204 since last reset
  • The average score is 4 of 5
Answer Stats
Answer % Correct
Buddhism
90%
Islam
87%
Taoism
71%
Catholicism
64%
Protestantism
53%
No matching quizzes found
Score Distribution
Percent of People with Each Score
Percentile by Number Answered
Your Score History
You have not taken this quiz since the last reset